000
00282nam a2200121Ia 4500
008
190216s9999||||xx |||||||||||||| ||und||
100
_a
Ercih A Heafert
245
0
_a
Techniques Of Financial Analysis
260
_b
Djl Pub
_c
1972
300
_a
245p
650
_a
Commerce
942
_c
BK
999
_c
4320
_d
4320